Intellectual property policy of the Copperbelt University (Record no. 64198)
[ view plain ]
| 000 -LEADER | |
|---|---|
| fixed length control field | 01156nam a2200193 a 4500 |
| 008 - FIXED-LENGTH DATA ELEMENTS--GENERAL INFORMATION | |
| fixed length control field | 161101s2006 ||||||||||||||||| || u |
| 050 ## - LIBRARY OF CONGRESS CALL NUMBER | |
| Classification number | CBU(02)2016/1A |
| 245 00 - TITLE STATEMENT | |
| Title | Intellectual property policy of the Copperbelt University |
| Statement of responsibility, etc. | by Copperbelt University [CBU] |
| 260 ## - PUBLICATION, DISTRIBUTION, ETC. | |
| Place of publication, distribution, etc. | Kitwe: |
| Name of publisher, distributor, etc. | The Copperbelt University (CBU) |
| Date of publication, distribution, etc. | 2006 |
| 300 ## - PHYSICAL DESCRIPTION | |
| Extent | 56p. |
| 650 ## - SUBJECT ADDED ENTRY--TOPICAL TERM | |
| Topical term or geographic name entry element | UNIVERSITIES AND COLLEGES--LAW AND LEGISLATION--ZAMBIA |
| 650 ## - SUBJECT ADDED ENTRY--TOPICAL TERM | |
| Topical term or geographic name entry element | ACADEMIC LIBRARIES--LAW AND LEGISLATION |
| 650 ## - SUBJECT ADDED ENTRY--TOPICAL TERM | |
| Topical term or geographic name entry element | INTELLECTUAL PROPERTY--ECONOMIC ASPECTS |
| 650 ## - SUBJECT ADDED ENTRY--TOPICAL TERM | |
| Topical term or geographic name entry element | POLICY GUIDELINE--COPPERBELT UNIVERSITY |
| 995 ## - | |
| -- | SPECIAL COLLECTIONS |
| -- | 2756 |
| -- | CBU-MAIN LIBRARY (Kitwe) |
| -- | CBU(02)2016/1A |
| -- | 1 |
| -- | AVAILABLE |
| -- | Nov 2, 2016 |
| -- | B2756 |
| -- | University Collection |
| 995 ## - | |
| -- | SPECIAL COLLECTIONS |
| -- | 2757 |
| -- | CBU-MAIN LIBRARY (Kitwe) |
| -- | CBU(02)2016/1B |
| -- | 2 |
| -- | AVAILABLE |
| -- | Nov 2, 2016 |
| -- | B2757 |
| -- | University Collection |
| 995 ## - | |
| -- | SPECIAL COLLECTIONS |
| -- | 3427 |
| -- | CBU-KAPASA MAKASA LIBRARY (Chinsali) |
| -- | CBU(02)2016/1D |
| -- | 4 |
| -- | AVAILABLE |
| -- | Oct 19, 2017 |
| -- | B3427 |
| -- | University Collection |
| 995 ## - | |
| -- | SPECIAL COLLECTIONS |
| -- | 2758 |
| -- | CBU-SCHOOL OF MEDICINE LIBRARY (Ndola) |
| -- | CBU(02)2016/1C |
| -- | 3 |
| -- | AVAILABLE |
| -- | Nov 2, 2016 |
| -- | B2758 |
| -- | Zambiana Collection |
| 999 ## - | |
| -- | 64198 |
| -- | 64198 |
No items available.